000
00268nam a2200085Ia 4500
008
170620s9999 xx 000 0 und d
100
_a
Sharma- Surendra Kumar (Hindi)
245
0
_a
Shaikshik Prabandh aur vidhyalaya Prasasan (Hindi)
260
_b
New Delhi- Discovery Publishing House
260
_c
2005
999
_c
24530
_d
24530